000 00802cam a2200241 4500
001 13596
003 BD-RjUL
005 20211208235459.0
008 140201s1771 enk|||| | 00| ||eng d
035 _a(ECCO)ESTC T146583
_a(BD-RjUL)13648
040 _aUk-ES
_cUk-ES
_dCu-RivES
_dCStRLIN
_dThomson Gale
_beng
041 _aeng
082 _216
_a613
_bSEN 1971
100 1 _aSelmon, A.C.
_942538
245 1 4 _aThe new health and longervity/
_crevisied and enlarged Philip S. Nelson
260 _aINdia :
_bOriental watchman publishing house
_c1971
300 _a420p :
_b18 cm.
500 _aincludes index.
730 0 _aEighteenth century collections online.
_942539
942 _2ddc
_cBK
949 1 _1MIT Access Only
_an-mit
_bNET
_h**See URL(s)
_o8
_x02
956 4 1 _uhttp://libraries.mit.edu/get/ecco
999 _c13596
_d13596